Ładuje się......

Personality development from infancy to adulthood /

Opis bibliograficzny
1. autor: Wenar, Charles
Format: Printed Book
Język:English
Wydane: Houghton Mifflin Co., 1971.
LEADER 00456nam a2200121Ia 4500
008 150624b xxu||||| |||| 00| 0 eng d
082 |a 155.25 
100 |a Wenar, Charles 
245 |a Personality development from infancy to adulthood /  |c Charles Wenar 
260 |b Houghton Mifflin Co.,  |c 1971. 
942 |c BK 
999 |c 6138  |d 6138 
952 |0 0  |1 0  |4 0  |6 155_250000000000000_WEN_P  |7 0  |9 6137  |a UL  |b UL  |c ST1  |d 1998-08-28  |l 1  |o 155.25 WEN/P  |p 10198  |r 2017-07-21  |s 2017-07-19  |w 2012-10-27  |y BK